| 000 | 00415nam a2200157Ia 4500 | ||
|---|---|---|---|
| 008 | 230524s9999 xx 000 0 und d | ||
| 082 |
_a658.45 _bGUP |
||
| 100 | _aAmbrish Gupta | ||
| 245 | 0 | _aFinancial Accounting For Management An Analytical Perspective | |
| 250 | _a3RD | ||
| 260 |
_aNEW DELHI _bPearson _c2008 |
||
| 300 | _aXVIII;978 | ||
| 500 | _aQuantity Number: 45 | ||
| 650 | _aManagement | ||
| 942 | _cBK | ||
| 999 |
_c38628 _d38628 |
||